000 00569nam a22002297a 4500
003 UA-OsUOA
001 81896
007 ta
008 20120209b un ||||| |||| 00| 0 ukr d
100 _aШервуд А.
090 _a821.161.1
_bШ49
942 _cBK
040 _aUA-OsUOA
_brus
_cUA-OsUOA
_dUA-OsUOA
245 _aИзбранное
300 _a527 с.
955 _a3
041 _arus
080 _a821.161.1
260 _aМ.
_bЛандора
_c1983
650 7 _a82 Література. Літературознавство
_2UDC
999 _c368207
_d368207